| Tag |
First Indicator |
Second Indicator |
Subfields |
| LEADER |
00000cam a2200000 a 4500 |
| 001 |
in00001406472 |
| 005 |
20151020072715.0 |
| 008 |
970721s1998 mdu b 101 0 eng |
| 010 |
|
|
|a 97013387
|
| 020 |
|
|
|a 0847687260 (cloth : alk. paper)
|
| 020 |
|
|
|a 0847687279 (pbk. : alk. paper)
|
| 035 |
|
|
|a (OCoLC)37397826
|
| 035 |
|
|
|9 AHQ3409AM
|
| 040 |
|
|
|a DLC
|c DLC
|d TXA
|d UtOrBLW
|
| 049 |
|
|
|a TXAM
|
| 050 |
0 |
0 |
|a JZ6374
|b .P44 1998
|
| 082 |
0 |
0 |
|a 341.5/84
|2 21
|
| 245 |
0 |
0 |
|a Peacemaking and peacekeeping for the new century /
|c edited by Olara A. Otunnu and Michael W. Doyle ; with the assistance of Chetan Kumar ... [and others].
|
| 264 |
|
1 |
|a Lanham :
|b Rowman & Littlefield Publishers,
|c [1998]
|
| 264 |
|
4 |
|c ©1998
|
| 300 |
|
|
|a xvi, 352 pages ;
|c 24 cm.
|
| 336 |
|
|
|a text
|b txt
|2 rdacontent
|
| 337 |
|
|
|a unmediated
|b n
|2 rdamedia
|
| 338 |
|
|
|a volume
|b nc
|2 rdacarrier
|
| 500 |
|
|
|a Proceedings of a seminar held in March 1995 convened by the Government of Austria and the International Peace Academy.
|
| 504 |
|
|
|a Includes bibliographical references and index.
|
| 610 |
2 |
0 |
|a United Nations
|x Armed Forces
|x Congresses.
|
| 700 |
1 |
|
|a Otunnu, Olara A.,
|d 1950-
|
| 700 |
1 |
|
|a Doyle, Michael W.,
|d 1948-
|
| 710 |
2 |
|
|a International Peace Academy.
|
| 948 |
|
|
|a c:jal
|
| 999 |
|
|
|a MARS
|
| 999 |
f |
f |
|s c097866a-cab6-332f-8f8b-9ce431ade2c0
|i 452b6552-ebfe-3e9a-b5b3-20a4aeded65d
|t 0
|
| 952 |
f |
f |
|p normal
|a Texas A&M University
|b College Station
|c Sterling C. Evans Library
|d Evans: Library Stacks
|t 0
|e JZ6374 .P44 1998
|h Library of Congress classification
|i unmediated -- volume
|m A14823307533
|
| 998 |
f |
f |
|a JZ6374 .P44 1998
|t 0
|l Evans: Library Stacks
|